000
00282nam a22001097a 4500
008
230620b xxu||||| |||| 00| 0 eng d
082
_a
322.42
_b
CAM 1954
245
_a
The Heart of Africa
260
_a
London
_b
Longmans, Green and Co Ltd
_c
1954
300
_a
XIII,479p
942
_2
ddc
_c
BK
999
_c
1841
_d
1841